|
|
|
|
| LEADER |
00814naa a2200205 i 4500 |
| 001 |
acta61489 |
| 005 |
20260224081030.0 |
| 008 |
190919s2017 hu o 100 eng d |
| 040 |
|
|
|a SZTE Egyetemi Kiadványok Repozitórium
|b hun
|
| 041 |
|
|
|a eng
|
| 100 |
1 |
|
|a Hotulainen Risto
|
| 245 |
1 |
0 |
|a Development of achievement and test taking behavior
|h [elektronikus dokumentum] :
|b a classcentered analysis /
|c Hotulainen Risto
|
| 260 |
|
|
|c 2017
|
| 300 |
|
|
|a 81
|
| 490 |
0 |
|
|a Pedagógiai Értékelési Konferencia
|v 15
|
| 695 |
|
|
|a Mérés - előadáskivonat, Értékelés - előadáskivonat
|
| 700 |
0 |
1 |
|a Vainikainen Mari Pauliina
|e aut
|
| 700 |
0 |
1 |
|a Hienonen Ninja
|e aut
|
| 710 |
|
|
|a Pedagógiai Értékelési Konferencia (15.) (2017) (Szeged)
|
| 856 |
4 |
0 |
|u http://acta.bibl.u-szeged.hu/61489/1/pek_2017_081.pdf
|z Dokumentum-elérés
|